Suomen kunnat, joiden nimessä on H - Statistics

Yleistilastot
  • Tätä visaa on pelattu 201 kertaa
  • Keskiarvotulos 40 / 56
Vastaustilastot
Maakunta Kunta % Oikein
Päijät-Häme Heinola
93%
Uusimaa Helsinki
93%
Kymenlaakso Hamina
90%
Kanta-Häme Hämeenlinna
89%
Kanta-Häme Hattula
89%
Päijät-Häme Hollola
89%
Päijät-Häme Lahti
89%
Pohjois-Pohjanmaa Haapavesi
88%
Satakunta Harjavalta
87%
Uusimaa Hyvinkää
87%
Pohjois-Pohjanmaa Haapajärvi
84%
Uusimaa Hanko
84%
Pohjois-Karjala Heinävesi
84%
Kainuu Hyrynsalmi
83%
Keski-Suomi Hankasalmi
80%
Satakunta Huittinen
80%
Kainuu Kuhmo
80%
Keski-Pohjanmaa Halsua
79%
Päijät-Häme Hartola
79%
Ahvenanmaa Maarianhamina
78%
Pirkanmaa Hämeenkyrö
77%
Etelä-Savo Hirvensalmi
77%
Kanta-Häme Humppila
77%
Pohjois-Pohjanmaa Hailuoto
76%
Ahvenanmaa Hammarland
74%
Etelä-Pohjanmaa Kauhava
73%
Pirkanmaa Kuhmoinen
73%
Uusimaa Vihti
73%
Pohjois-Pohjanmaa Pyhäjärvi
71%
Pohjois-Pohjanmaa Pyhäjoki
71%
Kymenlaakso Pyhtää
71%
Kanta-Häme Hausjärvi
70%
Uusimaa Lohja
70%
Etelä-Pohjanmaa Kauhajoki
68%
Keski-Suomi Pihtipudas
68%
Pohjois-Pohjanmaa Pyhäntä
68%
Pohjois-Karjala Tohmajärvi
68%
Pohjois-Pohjanmaa Raahe
63%
Kanta-Häme Riihimäki
62%
Pirkanmaa Vesilahti
62%
Pohjanmaa Maalahti
61%
Kymenlaakso Miehikkälä
61%
Varsinais-Suomi Pyhäranta
61%
Pohjanmaa Laihia
60%
Keski-Suomi Luhanka
60%
Kymenlaakso Virolahti
60%
Etelä-Pohjanmaa Ähtäri
59%
Pohjois-Karjala Kontiolahti
59%
Pirkanmaa Kihniö
57%
Etelä-Savo Mäntyharju
57%
Keski-Pohjanmaa Toholampi
57%
Varsinais-Suomi Vehmaa
57%
Pohjois-Pohjanmaa Muhos
56%
Pohjois-Savo Lapinlahti
55%
Keski-Pohjanmaa Perho
52%
Etelä-Karjala Ruokolahti
51%
Ehtoja vastaavia visoja ei löytynyt
Tulosjakauma
Jokaisen tuloksen saaneiden osuus
Persentiili vastausten määrän mukaan
Tuloshistoriasi
Et ole pelannut tätä visaa